Biblioteki Polonii Amerykańskiej
Biblioteka Instytutu Józefa Piłsudskiego w Ameryce
Library of the Józef Piłsudski Institute of America
Biblioteka imienia Alfreda Jurzykowskiego Polskiego Instytutu Naukowego w Ameryce
The Alfred Jurzykowski Memorial Library of the Polish Institute of Arts & Sciences of America
Biblioteka Marjanczyków Polskiej Fundacji Kulturalnej
The Marjanczyk Library of the Polish Cultural Foundation

Biblioteka Fundacji Kościuszkowskiej
Library of the Kosciuszko Foundation

Poezja pokolenia wojennego : (Record no. 91110)

MARC details
000 -LEADER
fixed length control field 02798nam a2200745 i 4500
001 - CONTROL NUMBER
control field 991053149343705066
003 - CONTROL NUMBER IDENTIFIER
control field NyNyJPI
005 - DATE AND TIME OF LATEST TRANSACTION
control field 20260413194605.0
008 - FIXED-LENGTH DATA ELEMENTS--GENERAL INFORMATION
fixed length control field 250711s2025 pl |001 m pol c
009 - PHYSICAL DESCRIPTION FIXED-FIELD FOR ARCHIVAL COLLECTION (VM) [OBSOLETE]
fixed length control field b1000006186074
015 ## - NATIONAL BIBLIOGRAPHY NUMBER
National bibliography number UWD 2025/23626
020 ## - INTERNATIONAL STANDARD BOOK NUMBER
International Standard Book Number 9788383763705
Qualifying information (oprawa miękka ;
-- IPN) :
Terms of availability zł 60
020 ## - INTERNATIONAL STANDARD BOOK NUMBER
Canceled/invalid ISBN 9788367587273
Qualifying information (ponownie nadany ;
-- FRSE)
035 ## - SYSTEM CONTROL NUMBER
System control number (PL)b1000006186074
035 ## - SYSTEM CONTROL NUMBER
System control number (EXLNZ-48OMNIS_NETWORK)9914845280505606
040 ## - CATALOGING SOURCE
Original cataloging agency WA M
Transcribing agency WA M
Modifying agency GD U
-- WR U
-- TOR U
-- LUBL U
045 2# - TIME PERIOD OF CONTENT
Formatted 9999 B.C. through C.E. time period d1939
-- d1945
046 ## - SPECIAL CODED DATES
Beginning or single date created 2025
Single or starting date for aggregated content 1939
Ending date for aggregated content 1945
080 ## - UNIVERSAL DECIMAL CLASSIFICATION NUMBER
Field link and sequence number 1.1\x
Universal Decimal Classification number 821.162.1(091)-1"19"
080 ## - UNIVERSAL DECIMAL CLASSIFICATION NUMBER
Field link and sequence number 1.2\x
Universal Decimal Classification number 821.162.1-1
080 ## - UNIVERSAL DECIMAL CLASSIFICATION NUMBER
Field link and sequence number 1.3\x
Universal Decimal Classification number 821.162.1-92
084 ## - OTHER CLASSIFICATION NUMBER
Classification number 01
100 1# - MAIN ENTRY--PERSONAL NAME
Personal name Urbanowski, Maciej
Dates associated with a name (1965- )
Relator term Autor
245 10 - TITLE STATEMENT
Title Poezja pokolenia wojennego :
Remainder of title esej monograficzny /
Statement of responsibility, etc. Maciej Urbanowski ; [redakcja naukowa prof. dr hab. Krzysztof Dybciak, prof. dr hab. Janusz Gruchała].
260 ## - PUBLICATION, DISTRIBUTION, ETC.
Place of publication, distribution, etc. Warszawa :
Name of publisher, distributor, etc. Fundacja Rozwoju Systemu Edukacji :
-- Wydawnictwo Instytutu Pamięci Narodowej,
Date of publication, distribution, etc. 2025.
300 ## - PHYSICAL DESCRIPTION
Extent 607, [1] strona ;
Dimensions 21 cm.
336 ## - CONTENT TYPE
Content type term Tekst
Content type code txt
Source rdacontent
337 ## - MEDIA TYPE
Media type term Bez urządzenia pośredniczącego
Media type code n
Source rdamedia
338 ## - CARRIER TYPE
Carrier type term Wolumin
Carrier type code nc
Source rdacarrier
380 ## - FORM OF WORK
Form of work Książki
380 ## - FORM OF WORK
Form of work Literatura faktu, eseje, publicystyka
380 ## - FORM OF WORK
Form of work Poezja
380 ## - FORM OF WORK
Form of work Publikacje naukowe
385 ## - AUDIENCE CHARACTERISTICS
Demographic group term Przynależność kulturowa
Audience term Literatura polska
388 1# - TIME PERIOD OF CREATION
Time period of creation term 1901-2000
388 1# - TIME PERIOD OF CREATION
Time period of creation term 1939-1945
388 2# - TIME PERIOD OF CREATION
Time period of creation term 2001-
490 1# - SERIES STATEMENT
Series statement Literatura i Pamięć
500 ## - GENERAL NOTE
General note Na stronie redakcyjnej błędnie przypisany ISBN FRSE.
500 ## - GENERAL NOTE
General note Na stronie tytułowej i okładce: Program Wspierania Pamięci Narodowej.
500 ## - GENERAL NOTE
General note W aneksie manifesty i utwory poetyckie.
504 ## - BIBLIOGRAPHY, ETC. NOTE
Bibliography, etc. note Bibliografia, netografia na stronach 551-575. Indeks.
648 #7 - SUBJECT ADDED ENTRY--CHRONOLOGICAL TERM
Chronological term 1901-2000
Source of heading or term DBN
648 #7 - SUBJECT ADDED ENTRY--CHRONOLOGICAL TERM
Chronological term 1939-1945
Source of heading or term DBN
650 #7 - SUBJECT ADDED ENTRY--TOPICAL TERM
Topical term or geographic name entry element II wojna światowa (1939-1945)
Source of heading or term DBN
650 #7 - SUBJECT ADDED ENTRY--TOPICAL TERM
Topical term or geographic name entry element Literatura polska
Source of heading or term DBN
650 #7 - SUBJECT ADDED ENTRY--TOPICAL TERM
Topical term or geographic name entry element Poezja
Source of heading or term DBN
650 #7 - SUBJECT ADDED ENTRY--TOPICAL TERM
Topical term or geographic name entry element Pokolenie literackie
Source of heading or term DBN
650 #7 - SUBJECT ADDED ENTRY--TOPICAL TERM
Topical term or geographic name entry element Tematy i motywy
Source of heading or term DBN
650 #0 - SUBJECT ADDED ENTRY--TOPICAL TERM
Topical term or geographic name entry element Polish literature
Chronological subdivision 20th century
General subdivision History and criticism
650 #0 - SUBJECT ADDED ENTRY--TOPICAL TERM
Topical term or geographic name entry element Polish poetry
Chronological subdivision 20th century
General subdivision History and criticism
650 #0 - SUBJECT ADDED ENTRY--TOPICAL TERM
Topical term or geographic name entry element World War, 1939-1945
General subdivision Literature and the war
655 #7 - INDEX TERM--GENRE/FORM
Genre/form data or focus term Antologia
Source of term DBN
655 #7 - INDEX TERM--GENRE/FORM
Genre/form data or focus term Manifest literacki
Source of term DBN
655 #7 - INDEX TERM--GENRE/FORM
Genre/form data or focus term Monografia
Source of term DBN
655 #7 - INDEX TERM--GENRE/FORM
Genre/form data or focus term Wiersze
Source of term DBN
658 ## - INDEX TERM--CURRICULUM OBJECTIVE
Main curriculum objective Historia
658 ## - INDEX TERM--CURRICULUM OBJECTIVE
Main curriculum objective Literaturoznawstwo
700 1# - ADDED ENTRY--PERSONAL NAME
Personal name Dybciak, Krzysztof
Dates associated with a name (1948- )
Relator term Redakcja
700 1# - ADDED ENTRY--PERSONAL NAME
Personal name Gruchała, Janusz Stanisław
Dates associated with a name (1954- )
Relator term Redakcja
710 2# - ADDED ENTRY--CORPORATE NAME
Corporate name or jurisdiction name as entry element Fundacja Rozwoju Systemu Edukacji
Relator term Wydawca
Relationship pbl
710 2# - ADDED ENTRY--CORPORATE NAME
Corporate name or jurisdiction name as entry element Wydawnictwo Instytutu Pamięci Narodowej
Relator term Wydawca
Relationship pbl
830 #0 - SERIES ADDED ENTRY--UNIFORM TITLE
Uniform title Literatura i Pamięć
942 ## - ADDED ENTRY ELEMENTS (KOHA)
Source of classification or shelving scheme Other/Generic Classification Scheme
Koha item type Books
Suppress in OPAC No
Holdings
Withdrawn status Lost status Source of classification or shelving scheme Damaged status Not for loan Home library Current library Date acquired Total checkouts Full call number Date last seen Price effective from Koha item type
    Other/Generic Classification Scheme   Not for loan Józef Piłsudski Institute Józef Piłsudski Institute 04/13/2026   K 1847 04/13/2026 04/13/2026 Books